Drogas: tratamiento y rehabilitación de niños, niñas y adolescentes. Orientaciones técnicas desde una mirada comprensiva evolutiva.

Guardat en:
Dades bibliogràfiques
Autor corporatiu: Consejo Nacional para el Control de Estupefacientes, CONACE
Format: Llibre
Idioma:espanyol
Publicat: Santiago, Chile CONACE 2004
Matèries:
Etiquetes: Afegir etiqueta
Sense etiquetes, Sigues el primer a etiquetar aquest registre!

MARC

LEADER 00000nam a2200000 a 4500
001 UCK4957
003 CL-VaPUC
005 20220526074451.0
008 050701e20040000CL |||||||||||||||||spa|d
999 |c 313660  |d 313658 
020 |a 9567808430 
040 |c Pontificia Universidad Católica de Valparaíso 
082 0 4 |a 362.29 CON 2004  |2 21 
110 2 |a Consejo Nacional para el Control de Estupefacientes  |9 493601 
245 1 0 |a Drogas: tratamiento y rehabilitación de niños, niñas y adolescentes. Orientaciones técnicas desde una mirada comprensiva evolutiva. 
260 0 3 |a Santiago, Chile  |b CONACE  |c 2004 
300 |a 214 páginas 
583 |a last modification  |c 20050701 00:00:00  |k Rodrigo Vera 
650 0 |a Consumo de drogas  |9 390009 
650 0 |a Abuso de drogas  |9 254876 
650 7 |a TRATAMIENTO Y REHABILITACION  |2 CL-VaPUC  |9 493603 
710 2 |a CONACE  |9 493602 
942 |c BK  |2 ddc 
945 |d 20050701 00:00:00  |a jcarroza 
952 |0 0  |1 0  |2 ddc  |4 0  |6 362_290000000000000_CON_2004  |7 0  |8 A  |9 385136  |a BIBGIM  |b BIBGIM  |d 2019-11-22  |i 4141806  |l 1  |o 362.29 CON 2004  |p 4141806  |r 2025-01-15  |s 2023-06-27  |t 1  |w 2019-11-22  |y BK  |k SSL 
952 |0 0  |1 0  |2 ddc  |4 0  |6 362_290000000000000_CON_2004  |7 0  |8 A  |9 385137  |a BIBGIM  |b BIBGIM  |d 2019-11-22  |i 4522087  |o 362.29 CON 2004  |p 4522087  |r 2025-01-15  |t 2  |w 2019-11-22  |y BK  |k SSL